| 000 | 00552nam a22002057a 4500 | ||
|---|---|---|---|
| 003 | OSt | ||
| 005 | 20180116183056.0 | ||
| 008 | 160929b xxu||||| |||| 00| 0 eng d | ||
| 020 | _a0 | ||
| 040 | _c0 | ||
| 082 | _a658.4012 HIL 2004 | ||
| 100 | _aHill,Charles W.L. | ||
| 245 |
_aStrategis Management : _bAn Integrated Approach |
||
| 250 | _a6th ed. | ||
| 260 |
_aNew Delhi _bHoughto Mifflin _c2004 |
||
| 300 |
_a1228p. _bHB. photo copy |
||
| 440 | _aStrategis Management :An Integrated Approach | ||
| 500 | _aHB, photo copy | ||
| 942 |
_2ddc _cBK |
||
| 999 |
_c351835 _d351835 |
||